Spikselizowane Flagi Państw - Statystyki

Ogólne statystyki
  • Ten quiz został rozwiązany 2 176 razy
  • Średni wynik to 11 z 15
Statystyki odpowiedzi
Flaga Państwo % Poprawnych
Kanada
99%
Chiny
87%
Japonia
87%
Wielka Brytania
87%
Australia
82%
Cypr
81%
Islandia
80%
Macedonia Północna
79%
Gruzja
78%
Republika Południowej Afryki
78%
Nepal
77%
Bahrajn
57%
Kuwejt
54%
Tanzania
52%
Malediwy
50%
Nie znaleziono quizów pasujących do podanych kryteriów
Rozkład punktacji
Procent ludzi z każdym wynikiem
Percentyl według liczby udzielonych odpowiedzi
Twoja historia wyników
Nie rozwiązałeś tego quizu